Countries that Pack the Most Punch - Statistics

General Stats
  • This quiz has been taken 13 times
  • The average score is 19 of 28
Answer Stats
Score Answer % Correct
16.6 South Korea
100%
43.6 United Kingdom
100%
93.0 Germany
88%
5.52 Israel
88%
65.2 Italy
88%
63.2 Portugal
88%
70.4 Greece
75%
30.2 Kuwait
75%
26.6 Netherlands
75%
72.5 North Korea
75%
91.4 Sri Lanka
75%
32.4 Switzerland
75%
1.37 Bahrain
63%
89.4 Bangladesh
63%
38.5 Belgium
63%
85.3 Croatia
63%
78.8 Czech Republic
63%
34.8 Denmark
63%
69.5 Japan
63%
16.5 Qatar
63%
0.38 Singapore
63%
68.5 Slovakia
63%
14.4 Taiwan
63%
85.2 United Arab Emirates
63%
48.3 Albania
50%
42.6 Slovenia
50%
95.4 Hungary
38%
60.5 Armenia
25%
No matching quizzes found
Score Distribution
Percent of People with Each Score
Percentile by Number Answered
Your Score History
You have not taken this quiz